000 00626nam a22001937a 4500
005 20170825144112.0
010 _aENG-120118
020 _a9789382549338
_c400.00
035 _aEN-103650
037 _bDBAD/PUB
082 _a940
100 _aChakrabarti, Kaustav
245 _aA brief history of Europe in the nineteenth and the twentieth centuries (1830-1939) /
_c by Kaustav Chakrabarti
260 _aKolkata
_bRachayita
_c2014
270 _a59/5, Garfa Main Road,
_bKolkata
_e700075
300 _a152p.
_c22cm(Hb)
500 _a Includes bibliographical references
942 _2ddc
_cEN
_h940
_mCHA
999 _c143836
_d143836